01341cam a2200349 a 450000100090000000300040000900500170001300800410003001000170007102000150008802500270010303700640013004000130019404200100020704300120021708200150022910000340024424501160027825000380039426001090043230000270054150400700056861000560063865000350069470000280072970000200075771000500077790600450082794200120087299900130088495200940089714017846OSt20230605123455.0050628s2001 ii b 001 0 eng  a 2004314974 a8120003926 aI-E-2004-314974; 63-91 bLibrary of Congress -- New Delhi Overseas OfficecRs1500.00 aDLCcDLC alcode aa-ii--- a328.1bMAL1 aKaul, M. N.q(Maheshwar Nath)10aPractice and procedure of Parliament :bwith particular reference to the Lok Sabha /cM.N. Kaul, S.L. Shakdher. a5th ed. /bG.C. Malhotra, editor. aNew Delhi :bPublished for the Lok Sabha Secretariat [by] Metropolitan Book Co.,c2001g(2004 printing). alvi, 1159 p. ;c25 cm. aIncludes bibliographical references (p. [1109]-1118) and indexes.10aIndia.bParliament.bLok SabhaxRules and practice. 0aParliamentary practicezIndia.1 aShakdher, S. L.,d1918-1 aMalhotra, G. C.1 aIndia.bParliament.bLok Sabha.bSecretariat. a7bcbccorigoded3encipf20gy-gencatlg 2ddccBK c385d385 00102ddc4070a001b001d2023-06-05l0o328.1 MALp10014817r2023-06-05w2023-06-05yBK